000 00737cam a2200169 i 4500
005 20230307151650.0
008 120424s2013 nyu b 000 0 eng
020 _a9781559394406
_q(paperback)
082 0 0 _a294.3 TEN
100 0 _aKunkyen Tenpe Nyima & Shechen Gyaltsap IV
_eauthor
245 1 0 _aVajra wisdom :
_bdeity practice in Tibetan Buddhism /
_cKunkyen Tenpe Nyima and Shechen Gyaltsap IV ; foreword by Chokyi Nyima Rinpoche ; translated by the Dharmachakra Translation Committee.
264 1 _aBoston :
_bSnow Lion,
_c2012.
300 _aviii, 246 p ;
_c24 cm
504 _aIncludes bibliographical references (pages 245-246).
942 _2ddc
_cMAIN
999 _c9411
_d9412